Welfare Consequences of Selling Public Enterprises (Record no. 1931)

MARC details
000 -LEADER
fixed length control field 00356nam a22001337a 4500
008 - FIXED-LENGTH DATA ELEMENTS--GENERAL INFORMATION
fixed length control field 250217b |||||||| |||| 00| 0 eng d
020 ## - INTERNATIONAL STANDARD BOOK NUMBER
ISBN 0821329766
100 ## - MAIN ENTRY--AUTHOR
Author CRALOT, Ahmed
245 ## - TITLE STATEMENT
Title Welfare Consequences of Selling Public Enterprises
260 ## - PUBLICATION, DISTRIBUTION, ETC. (IMPRINT)
Place of publication Washington D.C
Name of publisher The World Bank
Date of publication 1994
300 ## - COLLATION
Pagination iv, 45p.
942 ## - ADDED ENTRY ELEMENTS (KOHA)
Item type Books
050 ## - LIBRARY OF CONGRESS CALL NUMBER
Classification number HD3850
Item number .W45
Holdings
Source of classification or shelving scheme Not for loan Permanent location Current location Date acquired Accession No. Full call number Barcode. Koha item type
Library of Congress Classification   Samuel Ogbemudia Main Library, University of Abuja Samuel Ogbemudia Main Library, University of Abuja 02/17/2025 99/018898 HD3850.W45 2025-0064 Books
Library of Congress Classification   Samuel Ogbemudia Main Library, University of Abuja Samuel Ogbemudia Main Library, University of Abuja 02/17/2025 99/018898 HD3850.W45 2025-0065 Books